| 000 | 01459cam a22003491 4500 | ||
|---|---|---|---|
| 001 | l 44000206 | ||
| 003 | DLC | ||
| 005 | 20260227111539.0 | ||
| 008 | 800312s1944 quca 000 0 eng c | ||
| 010 | _al 44000206 | ||
| 035 | _a(OCoLC)6073278 | ||
| 040 |
_aU.S. Dept. of labor. Libr. _cOCl _dDLC |
||
| 042 | _apremarc | ||
| 050 | 0 | 0 |
_aHD4813 _b.I4 Ser. F, 2d sect., no. 9 |
| 082 | _a331.823082 s | ||
| 100 | 1 |
_aTaylor, George Stevenson, _d1879- |
|
| 245 | 1 | 4 | _aThe safe installation and use of abrasive wheels. |
| 260 |
_aMontreal, _c1944. |
||
| 300 |
_a1 p. l., iv. p., 1 l., 175 p. incl. illus., tables, diagrs. _c24 cm. |
||
| 490 | 0 |
_aInternational labor office. Studies and reports. Series F, second section (Safety) _vno. 9 |
|
| 500 | _aAt head of title: International labour office. | ||
| 500 | _aPrepared by G. Stevenson Taylor under the direction of the I. L. O. Correspondence committee on accident prevention. | ||
| 500 | _aErrata slip inserted. | ||
| 500 | _a"Analytical and experimental study of the conditions of resistance of abrasive wheels, by Dr. Vitaliano Colombo": p. [59]-68. | ||
| 500 | _a"The stresses in rotating disks, by Thos. H. Frost ... and K. F. Whitcomb": p. [69]-94. | ||
| 500 | _a"Safety regulations in various countries": p.[95]-175. | ||
| 650 | 0 | _aGrinding and polishing. | |
| 700 | 1 | _aColombo, Vitaliano. | |
| 700 | 1 | _aFrost, Thomas H. | |
| 700 | 1 | _aWhitcomb, K. F. | |
| 740 | 0 | _aAbrasive wheels. | |
| 999 |
_c36477 _d36477 |
||